Wireless mesh networks / (Record no. 178690)

000 -LEADER
fixed length control field 00950 a2200205 4500
003 - CONTROL NUMBER IDENTIFIER
control field Nust
005 - DATE AND TIME OF LATEST TRANSACTION
control field 20221209173039.0
010 ## - LIBRARY OF CONGRESS CONTROL NUMBER
LC control number 2005041065
020 ## - INTERNATIONAL STANDARD BOOK NUMBER
International Standard Book Number 0849329604 (alk. paper)
040 ## - CATALOGING SOURCE
Transcribing agency Nust
082 00 - DEWEY DECIMAL CLASSIFICATION NUMBER
Classification number 621.382,HEL
100 1# - MAIN ENTRY--PERSONAL NAME
Personal name Held, Gilbert,
9 (RLIN) 36816
245 10 - TITLE STATEMENT
Title Wireless mesh networks /
Statement of responsibility, etc. Gilbert Held.
260 ## - PUBLICATION, DISTRIBUTION, ETC.
Place of publication, distribution, etc. Boca Raton, FL :
Name of publisher, distributor, etc. Auerbach Publications,
Date of publication, distribution, etc. 2005.
300 ## - PHYSICAL DESCRIPTION
Extent xv, 144 p. :
Other physical details ill. ;
Dimensions 25 cm.
505 ## - FORMATTED CONTENTS NOTE
Formatted contents note Introduction to Wireless Mesh Networking (Page-1), Radio Frequency Utilization (Page-21), Mesh Network Components (Page-43), Routing Protocols (Page-59), Network Operation (Page-83), Creating a Hotpoint Based Mesh Network (Page-105), Wireless Mesh Standards (Page-131), The Future of Wireless Mesh Networking (Page-137).
650 #0 - SUBJECT ADDED ENTRY--TOPICAL TERM
Topical term or geographic name entry element Telecommunications engineering.
9 (RLIN) 58485
856 42 - ELECTRONIC LOCATION AND ACCESS
Materials specified Publisher description
Uniform Resource Identifier <a href="http://www.loc.gov/catdir/enhancements/fy0647/2005041065-d.html">http://www.loc.gov/catdir/enhancements/fy0647/2005041065-d.html</a>
942 ## - ADDED ENTRY ELEMENTS (KOHA)
Source of classification or shelving scheme
Koha item type Book
Holdings
Withdrawn status Lost status Source of classification or shelving scheme Damaged status Not for loan Permanent Location Current Location Shelving location Date acquired Full call number Barcode Date last seen Price effective from Koha item type Public note
          Military College of Signals (MCS) Military College of Signals (MCS) General Stacks 12/12/2016 621.382,HEL MCS32472 12/08/2016 12/12/2016 Book Almirah No.35, Shelf No.3
© 2023 Central Library, National University of Sciences and Technology. All Rights Reserved.